| 000 | 00437nam a2200193Ia 4500 | ||
|---|---|---|---|
| 005 | 20250425161545.0 | ||
| 008 | 250425s9999 xx 000 0 und d | ||
| 041 | _aeng | ||
| 082 | _a622.1828 | ||
| 100 | _aCOLE, FRANK W. | ||
| 245 | 0 | _aRESERVOIR ENGINEERING MANUAL | |
| 250 | _a2ND ED. | ||
| 260 |
_aEstados Unidos _bGULF _c1969 |
||
| 260 | _aHOUSTON | ||
| 300 | _a385 | ||
| 650 | _aPETROLEO | ||
| 942 | _c01 | ||
| 010 | _a22979 | ||
| 999 |
_c211573 _d211573 |
||